<?xml version="1.0" encoding="UTF-8"?>
<record
    xmlns:xsi="http://www.w3.org/2001/XMLSchema-instance"
    xsi:schemaLocation="http://www.loc.gov/MARC21/slim http://www.loc.gov/standards/marcxml/schema/MARC21slim.xsd"
    xmlns="http://www.loc.gov/MARC21/slim">

  <leader>01912nam a22002177a 4500</leader>
  <controlfield tag="003">DO-SdBNP</controlfield>
  <controlfield tag="005">20210915102501.0</controlfield>
  <controlfield tag="007">ta</controlfield>
  <controlfield tag="008">210915b200?       ||||| |||| 00| 0 spa d</controlfield>
  <datafield tag="020" ind1=" " ind2=" ">
    <subfield code="a">978-9945-606-38-6</subfield>
  </datafield>
  <datafield tag="040" ind1=" " ind2=" ">
    <subfield code="a">DO-SdBNP</subfield>
    <subfield code="b">spa</subfield>
    <subfield code="c">BNPHU</subfield>
  </datafield>
  <datafield tag="082" ind1=" " ind2=" ">
    <subfield code="a">F-</subfield>
    <subfield code="b">R426</subfield>
  </datafield>
  <datafield tag="110" ind1=" " ind2=" ">
    <subfield code="a">Rep&#xFA;blica Dominicana</subfield>
    <subfield code="b">[Leyes, etc.]</subfield>
    <subfield code="9">11088</subfield>
  </datafield>
  <datafield tag="245" ind1=" " ind2=" ">
    <subfield code="a">Ley No. 17-19 sobre la Erradicaci&#xF3;n del Comercio Il&#xED;cito, Contrabando y Falsificaci&#xF3;n de Productos Regulados /</subfield>
  </datafield>
  <datafield tag="260" ind1=" " ind2=" ">
    <subfield code="a">Santo Domingo :</subfield>
    <subfield code="b">Dalis,</subfield>
    <subfield code="c">2000?</subfield>
  </datafield>
  <datafield tag="300" ind1=" " ind2=" ">
    <subfield code="a">32 p. ;</subfield>
    <subfield code="c">22 cm</subfield>
  </datafield>
  <datafield tag="505" ind1=" " ind2=" ">
    <subfield code="a">Cap&#xED;tulo I. De las disposiciones iniciales 3 -- Cap&#xED;tulo II. De las disposiciones org&#xE1;nicas y especiales 6 -- Secci&#xF3;n I. Del Ministerio P&#xFA;blico 6 -- Secci&#xF3;n II. Del consejo interinstitucional p&#xFA;blico-privado de prevenci&#xF3;n 7 -- Secci&#xF3;n III. De las competencias intr&#xED;nsecas de los &#xF3;rganos reguladores 8 -- Cap&#xED;tulo III. Infracciones y sanciones administrativas 9 -- Cap&#xED;tulo IV. De los delitos y sanciones penales 12 -- Secci&#xF3;n I. De los delitos tributarios 12 -- Secci&#xF3;n II. Del delito y sanciones del comercio il&#xED;cito 13 -- Secci&#xF3;n III. Del contrabando y delito aduanero 14 -- Secci&#xF3;n IV. Del car&#xE1;cter transnacional de los delitos 17 -- Secci&#xF3;n V. De la complicidad 17 -- Secci&#xF3;n VI. De los delitos conexos 18 -- Secci&#xF3;n VII. De los delitos de obstrucci&#xF3;n de la justicia 18 -- Secci&#xF3;n VIII. De la reincidencia 19 -- Cap&#xED;tulo V. Recursos administrativos 19 -- Cap&#xED;tulo VI. De la acci&#xF3;n judicial 19 -- Secci&#xF3;n I. De la competencia judicial 19 -- Secci&#xF3;n II. Del decomiso y destrucci&#xF3;n de productos 20 -- Secci&#xF3;n III. Del destino de los bienes decomisados 21 -- Secci&#xF3;n IV. De las t&#xE9;cnicas de investigaci&#xF3;n del comercio il&#xED;cito 21 -- Cap&#xED;tulo VII. De las disposiciones generales 22 -- Disposiciones transitorias 23 -- Disposici&#xF3;n final 23</subfield>
  </datafield>
  <datafield tag="590" ind1=" " ind2=" ">
    <subfield code="a">Inventariado, 2021 / DG</subfield>
  </datafield>
  <datafield tag="910" ind1=" " ind2=" ">
    <subfield code="a">D/G</subfield>
  </datafield>
  <datafield tag="942" ind1=" " ind2=" ">
    <subfield code="2">ddc</subfield>
    <subfield code="c">LBS1</subfield>
  </datafield>
  <datafield tag="952" ind1=" " ind2=" ">
    <subfield code="0">0</subfield>
    <subfield code="1">0</subfield>
    <subfield code="2">ddc</subfield>
    <subfield code="5">1</subfield>
    <subfield code="7">0</subfield>
    <subfield code="8">MO</subfield>
    <subfield code="a">BNPHU</subfield>
    <subfield code="b">PD</subfield>
    <subfield code="c">HD</subfield>
    <subfield code="d">2021-09-15</subfield>
    <subfield code="l">0</subfield>
    <subfield code="o">F- R426</subfield>
    <subfield code="p">2021-26543</subfield>
    <subfield code="r">2021-09-15</subfield>
    <subfield code="w">2021-09-15</subfield>
    <subfield code="y">LBS1</subfield>
  </datafield>
  <datafield tag="952" ind1=" " ind2=" ">
    <subfield code="0">0</subfield>
    <subfield code="1">0</subfield>
    <subfield code="2">ddc</subfield>
    <subfield code="5">1</subfield>
    <subfield code="7">0</subfield>
    <subfield code="8">MO</subfield>
    <subfield code="a">BNPHU</subfield>
    <subfield code="b">PD</subfield>
    <subfield code="c">HD</subfield>
    <subfield code="d">2021-09-15</subfield>
    <subfield code="l">0</subfield>
    <subfield code="o">F- R426</subfield>
    <subfield code="p">2021-26544</subfield>
    <subfield code="r">2021-09-15</subfield>
    <subfield code="t">e.2</subfield>
    <subfield code="w">2021-09-15</subfield>
    <subfield code="y">LBS1</subfield>
  </datafield>
  <datafield tag="952" ind1=" " ind2=" ">
    <subfield code="0">0</subfield>
    <subfield code="1">0</subfield>
    <subfield code="2">ddc</subfield>
    <subfield code="5">6</subfield>
    <subfield code="7">0</subfield>
    <subfield code="8">MO</subfield>
    <subfield code="a">BNPHU</subfield>
    <subfield code="b">DO</subfield>
    <subfield code="c">HD</subfield>
    <subfield code="d">2021-09-15</subfield>
    <subfield code="l">0</subfield>
    <subfield code="o">F- R426</subfield>
    <subfield code="p">2021-26545</subfield>
    <subfield code="r">2021-09-15</subfield>
    <subfield code="t">e.3</subfield>
    <subfield code="w">2021-09-15</subfield>
    <subfield code="y">LBS1</subfield>
  </datafield>
  <datafield tag="999" ind1=" " ind2=" ">
    <subfield code="c">50512</subfield>
    <subfield code="d">50512</subfield>
  </datafield>
</record>
